Statistics for NBA 2018-19 February Players 15 Rebounds Games

Click here to take the quiz!

General Stats

  • This quiz has been taken 14 times
  • The average score is 18 of 21

Answer Stats

Player Team # % Correct
Andre DrummondPistons7
100%
Giannis AntetokounmpoBucks4
100%
Joel Embiid76ers1
100%
Ed DavisNets1
100%
Anthony DavisPelicans1
100%
Russell WestbrookThunder2
100%
Nikola VucevicMagic2
100%
Rudy GobertJazz2
100%
Clint CapelaRockets2
100%
Hassan WhitesideHeat3
100%
Nikola JokicNuggets3
100%
Karl-Anthony TownsTimberwolves4
100%
Al HorfordCeltics1
93%
Lauri MarkkanenBulls3
86%
Aaron GordonMagic1
86%
Serge IbakaRaptors1
79%
DeAndre JordanKnicks2
71%
Paul MillsapNuggets1
71%
John CollinsHawks1
57%
Larry NanceCavaliers2
36%
Cheick DialloPelicans1
0%

Score Distribution

Percentile by Number Answered

Percent of People with Each Score

Your Score History

You have not taken this quiz